|
|
|
|
| LEADER |
00652nam a22001577a 4500 |
| 008 |
200703b ||||| |||| 00| 0 eng d |
| 020 |
|
|
|a 8173410747
|
| 082 |
|
|
|a 305.51220954
|
| 100 |
|
|
|a Sharma, Anuradha
|
| 245 |
|
|
|a Caste in India /
|c Anuradha Sharma
|
| 260 |
|
|
|a Delhi:
|b Satish garg
|c 1998.
|
| 300 |
|
|
|a 320 p.
|c 23cm.
|
| 650 |
|
|
|a Caste -- India -- History.
|v India -- Social conditions.
|x Caste.
|y Social conditions
|z India.
|
| 942 |
|
|
|c BK
|
| 999 |
|
|
|c 351392
|d 351392
|
| 952 |
|
|
|0 0
|1 0
|2 ddc
|4 0
|6 305_512000000000000_209_54_SHA_C
|7 0
|9 405989
|a SDE
|b SDE
|c ST1
|d 2020-07-03
|g 475.00
|i 2373
|l 0
|o 305.512 209 54 SHA/C
|p SDE2373
|r 2020-07-03
|y BK
|